000 01880nam a2200409 a 4500
003 AR-BeUNQ
005 20220224182340.0
008 160301s2012 ag ad d f 000 spa d
020 _a9789875475274
040 _aAR-BeUNQ
_bspa
082 0 4 _a510.7
_221
245 0 0 _aMatemática.
_n1.
250 _a1a ed., 3a reimpr.
260 _aSan Isidro :
_bPuerto de Palos,
_cc2012.
300 _a208, 15 p. :
_bil., gráficos ;
_c27 cm.
490 1 _aActivados
500 _a"Equivalente a 7o.".
505 0 _aNúmeros naturales -- Fracciones y expresiones decimales -- Funciones -- Cuerpos -- Ángulos -- Figuras planas -- Perímetro, área y volumen -- Probabilidad y estadística -- Números enteros -- Trabajos prácticos -- Control de resultados -- Foto activados
650 7 _aNúmeros
_2spines
650 7 _aNúmeros racionales
_2spines
650 7 _aFunciones (matemáticas)
_2spines
650 7 _aÁngulos
_2spines
650 7 _aGeometría
_2spines
650 7 _aGeometría plana
_2spines
650 7 _aAnálisis estadístico
_2spines
650 7 _aTeoría de probabilidades
_2spines
650 7 _aNúmeros enteros
_2spines
650 7 _aEnseñanza media
_2spines
650 7 _aManuales
_2spines
830 0 _9157
_aActivados (Puerto de Palos)
_lEspañol
929 _aCOMPRA
_bStratford Book Services
_c2a compra 2016 Exp. 827-0946/16
_d370,00
_e20170102
_fPAT0066206
_j55465
929 _aCOMPRA
_bStratford Book Services
_c2a compra 2016 Exp. 827-0946/16
_d370,00
_e20170102
_fPAT0066207
_j55466
929 _aCOMPRA
_bStratford Book Services
_c2a compra 2016 Exp. 827-0946/16
_d370,00
_e20170102
_fPAT0066208
_j55467
929 _aCOMPRA
_bStratford Book Services
_c2a compra 2016 Exp. 827-0946/16
_d370,00
_e20170102
_fPAT0066209
_j55468
929 _aCOMPRA
_bStratford Book Services
_c2a compra 2016 Exp. 827-0946/16
_d370,00
_e20170102
_fPAT0066210
_j55469
942 _cLIB
_n0
999 _c127
_d127